[Event "GER-chT U16"]
[Site "Verden an der Aller"]
[Date "2009.12.27"]
[Round "1.4"]
[White "Schell, Samuel"]
[Black "Messing, Simon"]
[Result "0-1"]
[WhiteElo "1475"]
[BlackElo "1593"]
[PlyCount "78"]
[EventDate "2009.12.27"]
[EventType "team-swiss"]
[EventRounds "7"]
[EventCountry "GER"]
[SourceTitle "EXT 2022"]
[Source "ChessBase"]
[SourceDate "2021.10.06"]
[SourceVersion "1"]
[SourceVersionDate "2021.10.06"]
[SourceQuality "1"]
[WhiteTeam "Porz SG U16"]
[BlackTeam "Muelheim Nord U16"]
[WhiteTeamCountry "GER"]
[BlackTeamCountry "GER"]

1. e4 e6 2. d4 d5 3. Nc3 Bb4 4. e5 Ne7 5. Nf3 h6 6. a3 Bxc3+ 7. bxc3 c5 8. c4 cxd4 9. cxd5 Nxd5 10. Qxd4 Qc7 11. c4 Ne7 12. Bd3 Nbc6 13. Qe3 Nf5 14. Bxf5 exf5 15. Bb2 Be6 16. Rc1 Qa5+ 17. Ke2 0-0 18. Rhd1 Rfd8 19. Nd2 Qa4 20. Qc5 Qa5 21. Qxa5 Nxa5 22. Rc3 Rac8 23. Rdc1 Rc5 24. R1c2 f4 25. Kf3 g5 26. g3 Bf5 27. gxf4 Bxc2 28. Rxc2 b5 29. Ne4 Rxc4 30. Re2 Rd3+ 31. Kg4 Nb7 32. fxg5 Nc5 33. Kf5 Nxe4 34. Rxe4 Rf3+ 35. Kg4 Rxf2 36. Rxc4 bxc4 37. h4 Rxb2 38. gxh6 Kh7 39. Kg5 c3 0-1

[Event "Goch op 18th"]
[Site "Goch"]
[Date "2007.10.06"]
[Round "5"]
[White "Rothkugel, Wolfgang"]
[Black "Messing, Simon"]
[Result "1-0"]
[WhiteElo "2052"]
[BlackElo "1612"]
[PlyCount "69"]
[EventDate "2007.10.04"]
[EventType "swiss"]
[EventRounds "7"]
[EventCountry "GER"]
[SourceTitle "EXT 2011"]
[Source "ChessBase"]
[SourceDate "2010.11.26"]
[SourceVersion "1"]
[SourceVersionDate "2010.11.26"]
[SourceQuality "1"]

1. Nf3 e6 2. d4 Nf6 3. c4 d5 4. Nc3 Bb4 5. Bg5 0-0 6. Qb3 Nc6 7. cxd5 exd5 8. e3 Be6 9. Bd3 Qd6 10. Bf4 Qe7 11. a3 Bxc3+ 12. bxc3 Na5 13. Qb4 Nc6 14. Qxb7 Bd7 15. Qxc7 Rfc8 16. Qd6 Ne4 17. Qxe7 Nxe7 18. Bxe4 dxe4 19. Nd2 Rxc3 20. Nxe4 Rc2 21. 0-0 Rac8 22. Nc5 Be6 23. Rfc1 Re2 24. e4 Ng6 25. Be3 Rb8 26. Kf1 Rbb2 27. Rab1 Ra2 28. d5 Bg4 29. h3 h5 30. hxg4 hxg4 31. Nd3 g3 32. Nb4 Rxf2+ 33. Bxf2 Rxf2+ 34. Kg1 Nf4 35. Rc2 1-0